| 000 | 00535nam a2200181 a 4500 | ||
|---|---|---|---|
| 005 | 20140310183349.0 | ||
| 008 | 070614s19uu xx 00 eng d | ||
| 020 | _a1844480089 | ||
| 050 |
_aND 196 _b.H318 2006 |
||
| 100 | _aHarrison, Terry | ||
| 245 | 0 |
_aBrush with acrylics : _bpainting the easy way / _cTerry Harrison |
|
| 260 |
_aTunbridge Wells, Kent : _bSearch Press Limited, _c2006. |
||
| 300 |
_a128 p. _b ill . col. ; _c27 cm. |
||
| 521 | _aMA | ||
| 650 |
_aPrinting _xTechnique. |
||
| 942 |
_cBK _2lcc _kFOR |
||
| 999 |
_c22050 _d22050 |
||